environmental biotechnology (Record no. 480245)

000 -LEADER
fixed length control field 00517nam a22001937a 4500
003 - CONTROL NUMBER IDENTIFIER
control field ASAB
005 - DATE AND TIME OF LATEST TRANSACTION
control field 20180827062700.0
008 - FIXED-LENGTH DATA ELEMENTS--GENERAL INFORMATION
fixed length control field 161104t xxu||||| |||| 00| 0 eng d
020 ## - INTERNATIONAL STANDARD BOOK NUMBER
International Standard Book Number 978-93-80931-02-9
020 ## - INTERNATIONAL STANDARD BOOK NUMBER
International Standard Book Number 978-0-12-375089-1
040 ## - CATALOGING SOURCE
Transcribing agency ASAB
082 ## - DEWEY DECIMAL CLASSIFICATION NUMBER
Classification number 628.5
100 ## - MAIN ENTRY--PERSONAL NAME
Personal name Daniel A. Vallero
9 (RLIN) 4038
245 ## - TITLE STATEMENT
Title environmental biotechnology
Remainder of title a biosystems approach
260 ## - PUBLICATION, DISTRIBUTION, ETC.
Place of publication, distribution, etc. India.
Name of publisher, distributor, etc. Elsevier
Date of publication, distribution, etc. c2010
300 ## - PHYSICAL DESCRIPTION
Extent xix, 742 P.
630 ## - SUBJECT ADDED ENTRY--UNIFORM TITLE
Uniform title Environmental Biotechnology
9 (RLIN) 4039
942 ## - ADDED ENTRY ELEMENTS (KOHA)
Source of classification or shelving scheme
Koha item type Book
Holdings
Withdrawn status Lost status Source of classification or shelving scheme Damaged status Not for loan Collection code Permanent Location Current Location Date acquired Total Checkouts Full call number Barcode Date last seen Price effective from Koha item type
            Atta-ur-Rahman School of Applied Biosciences (ASAB) Atta-ur-Rahman School of Applied Biosciences (ASAB) 11/04/2016   628.5 VAL ASAB1891 05/25/2018 11/04/2016 Book
© 2023 Central Library, National University of Sciences and Technology. All Rights Reserved.